000 00432nam a2200181Ia 4500
001 23990
005 20260414151014.0
008 260414t2012||||xx |||||||||||||| ||spa||
041 _aESP
082 _a741.6
_bA19
100 _aAcha, Juan
_eAUT
245 0 _aIntroducción a la teoría de los diseños
_b
260 _c2012
300 _a208 páginas :
_c25 cm.
650 _aABD
654 _aCAU
942 _cLIB
_dJUS
_fJUS
_2ddc
_n
999 _c23990
_d23990